Hacer en español - Statistics

General Stats
  • This quiz has been taken 17 times
  • The average score is 9 of 13
Answer Stats
English Español % Correct
He/She does/makes Hace
100%
We do/make Hacemos
100%
To Do / To Make Hacer
100%
You do/make Haces
89%
I do/make Hago
89%
I did/made Hice
78%
We did/made Hicimos
67%
You did/made Hiciste
67%
He/She did/made Hizo
56%
I will do Haré
44%
He/She will do Hará
33%
You will do Harás
33%
We will do Haremos
33%
No matching quizzes found
Score Distribution
Percent of People with Each Score
Percentile by Number Answered
Your Score History
You have not taken this quiz